| 000 | 00416nam a22001457a 4500 | ||
|---|---|---|---|
| 020 | _a9781451116595 | ||
| 040 | _cNUST | ||
| 082 |
_2SEVENTH _a616.9041 _bKON |
||
| 100 |
_aGary W. Procop,deirdre l. church _990769 |
||
| 245 | _akoneman's Color atlas and text book of Diagnostic Microbiology | ||
| 250 | _aseventh | ||
| 260 |
_aUSA _bs4 carlisle _c2017 |
||
| 300 | _a1606 | ||
| 942 |
_2ddc _cBK _eSEVENTH _k616.9041 KON |
||
| 999 |
_c589005 _d589005 |
||